000 00536nam a2200181 4500
001 132048
003 ES-MaACL
005 20230906194108.0
007 t|
008 070214s1978 sp r ||||1| spa d
100 1 _aRoitt, Ivan M.
_999032
245 1 0 _aInmunología esencial /
_cIván M. Roitt ; versión de Antonio Arnaiz Villena.
250 _a3ª. ed.
260 _aBarcelona :
_bJims,
_c1978.
300 _aXIV, 317 p. :
_bil. ;
_c24 cm.
700 1 _aArnaiz Villena, Antonio.
_923025
852 _aES-MaACL
_jC-29336
_bR.100166
999 _c132048
_d132048